| 000 | 02446nam a22003617a 4500 | ||
|---|---|---|---|
| 001 | 000007268 | ||
| 003 | OSt | ||
| 005 | 20201118083857.0 | ||
| 008 | 090907s1999 dr a 000 0 spa d | ||
| 040 |
_aDO-SdBNP _bspa _cBNPHU |
||
| 082 |
_axxxx _bxxxx |
||
| 245 | 0 | 0 |
_aInfarto agudo de miocardio : _bRepública Dominicana / _ccoautores Claudio Almonte Germán...[et.al.] ; presentacion José Reyes Troncoso. |
| 260 |
_aSanto Domingo : _bSociedad Dominicana de Cardiología, _c1999. |
||
| 300 |
_a265 p. : _bil. ; _c27 cm. |
||
| 500 | _aIncluye índices. | ||
| 504 | _aBibliografia p: 239-241 | ||
| 505 | 2 |
_tPresentación -- _tIntroducción -- _gCapitulo I -- _tEnfermedad cardiovascular aterosclerótica -- _rÁngel González Medina / _gCapitulo II -- _tLa patologenia de la aterosclerosis y la aterotrombosis -- _rRafael Pichardo Estévez / _gCapitulo III -- _tFistopatología del infarto agudo del miocardio -- _rDelio José Guzmán -- _rClaudio Almonte Germán / _gCapitulo IV -- _tInfarto agudo del miocardio, incidencia - cuadro clínico y diagnostico -- _rSantiago García García / _gCapitulo V -- _tTratamiento medico -- _rWilson Ramírez Diroche / _gCapitulo VI -- _tTratamiento intervencionista -- _rRoberto Fernández de Castro / _gCapitulo VII -- _tCirugía en el infarto agudo de miocardio -- _rHernán Cruz / _gCapitulo VIII --- _tComplicaciones del Iam -- _rMiguel Ángel Arias -- _rBraulio Mateo / _gCapitulo IX -- _tManejo del paciente post-infarto miocardio -- _rJosé Reyes Troncoso / _gCapitulo X -- _tRegistro nacional de infarto agudo de miocardio, República Dominicana (RENIRD 1995/1998) _rClaudio Almonte German -- _rMiguel Arias Ceballos / _tBibliografía -- _tAgradecimiento -- _tIndice de los principales estudios relacionados con el infarto agudo de miocardio y su tratamiento -- _tIndice alfabético -- |
|
| 590 | _aInventariado, 2020/ YL | ||
| 700 | 1 | 2 |
_aAlmonte Germán, Claudio _918210 |
| 700 | 1 | 2 |
_aArias Ceballos, Miguel Ángel _977282 |
| 700 | 1 | 2 |
_aCruz, Hernán A. _977283 |
| 700 | 1 | 2 |
_aFernández de Castro, Roberto _977284 |
| 700 | 1 | 2 |
_aGarcía García, Santiago _977285 |
| 700 | 1 | 2 |
_aGonzález Medina, Ángel _977286 |
| 700 | 1 | 2 |
_aGuzmán, Delio José _977287 |
| 700 | 1 | 2 |
_aLamarche Rey, Carlos _977288 |
| 700 | 1 | 2 |
_aMateo, Braulio _977289 |
| 700 | 1 | 2 |
_aPichardo Estévez, Rafael _977290 |
| 700 | 1 | 2 |
_aRamírez D., Wilson _977291 |
| 700 | 1 | 2 |
_aReyes Troncoso, José Ángel _977292 |
| 910 | _aYLockward | ||
| 942 |
_2ddc _cLBS1 |
||
| 999 |
_c49145 _d49145 |
||